Score 0/24 Timer 03:00
0 Plays Today
Clue 4-Letter Word % Correct
Set of actors in a performanceCAST
95.7%
Clenched handFIST
95.5%
Aquatic animal with gillsFISH
95.4%
Long pole found upright on shipsMAST
95.1%
Volume X Density = ?MASS
94.4%
Fewer; Smaller in amountLESS
94%
Magic stickWAND
93.5%
DesireWANT
92.4%
Movement of airWIND
92.1%
Rush of windGUST
91.5%
Failure to keep somethingLOSS
90.7%
Shallow bowlDISH
90%
Clue 4-Letter Word % Correct
Surface of ice for skatingRINK
89.9%
Flowerless green plantMOSS
89.7%
Arrived; ApproachedCAME
89.1%
Tough outer layer of some foodsRIND
87.8%
General meaningGIST
87.2%
Circumstance; ContainerCASE
85%
Left; DepartedWENT
84%
Thin circular objectDISK
83.7%
Possibility of an unpleasant occuranceRISK
83.5%
For fear thatLEST
82.2%
Righteous; DeservedJUST
80.5%
Prank; Something done to cause laughterJEST
80.1%

Today's Daily Dose

Remove Ads.
Support Sporcle.
Get the best of Sporcle when you Go Orange. This ad-free experience offers more features, more stats, and more fun while also helping to support Sporcle. Thank you for becoming a member.

You're not logged in!

Compare scores with friends on all Sporcle quizzes.
OR
Log In

Show Comments

Extras

Top Quizzes Today


Score Distribution

Your Account Isn't Verified!

In order to create a playlist on Sporcle, you need to verify the email address you used during registration. Go to your Sporcle Settings to finish the process.

Report this User

Report this user for behavior that violates our Community Guidelines.

Details: